000 00861nas a2200265 4500
001 BR9000948
003 BR-BrBNA
005 20231205091820.0
007 ta
008 230509b bl.|||p| |||| 00| 00por d
040 _aBR-BrBNA
_bpor
_cBiblioteca Nacional de Agricultura
041 _a(Pt)
072 _aF30; H20
100 1 _aBraga, M.C.T.
100 1 _aSilva, S.D.V.M.
245 1 _aResistencia do cacaueiro (Theobroma cacao L.)a Verticillium dahliae Kleb.
246 1 _aResistance of cacao (Theobroma cacao L.)to Verticillium dahliae Kleb.
650 _aCACAU
650 _aVARIEDADE RESISTENTE
650 _aMURCHA DE VERTICILLIUM
773 0 _tAgrotropica (Brazil)
_xISSN 0103-3816
_g(May-Aug 1989), v. 1(2) p. 116-121
_wBR9000948
856 4 0 _dLink DSPACE/MAPA BR9000948
909 _a202311
_bLúcia
_c55
_dLúcia Elande
942 _2AGRIS
_n0
_cANA
999 _c127527
_d127527